|
|
|
|
| LEADER |
00000nas a2200000 a 4500 |
| 001 |
ssj0037872 |
| 003 |
WaSeSS |
| 005 |
20200512172242.0 |
| 006 |
m d |
| 007 |
cr n |
| 008 |
050610c20049999enktr p s 0 a0eng c |
| 010 |
|
|
|a 2005249077
|
| 016 |
7 |
|
|a 012923499
|2 Uk
|
| 022 |
|
|
|a 2045-2519
|l 1744-2710
|
| 035 |
|
|
|a (WaSeSS)ssj0037872
|
| 040 |
|
|
|a ZYU
|b eng
|c ZYU
|d UKMGB
|d OCLCQ
|d UX0
|d OCLCS
|d LGG
|d WEA
|d CUS
|d OCLCO
|d OCLCQ
|d OCLCF
|d AU@
|d U3W
|d WaSeSS
|
| 042 |
|
|
|a pcc
|
| 050 |
1 |
4 |
|a QA150
|b .I58
|
| 210 |
0 |
|
|a Int. j. technol. math. educ.
|b (Online)
|
| 222 |
|
4 |
|a The international journal for technology in mathematics education
|
| 245 |
0 |
4 |
|a The international journal for technology in mathematics education
|h [electronic resource].
|
| 246 |
3 |
0 |
|a Technology in mathematics education
|
| 260 |
|
|
|a Hemel Hempstead, Eng. :
|b Research Information Ltd.,
|c 2004-
|
| 310 |
|
|
|a Three issues per year
|
| 362 |
1 |
|
|a Print began with vol. 11, no. 1 (2004).
|
| 506 |
|
|
|a License restrictions may limit access.
|
| 588 |
|
|
|a Description based on: Vol. 11, no. 3 (2004); title from PDF file of table of contents page (ProQuest, viewed June 10, 2005).
|
| 650 |
|
0 |
|a Algebra
|x Study and teaching
|x Computer-assisted instruction
|v Periodicals.
|
| 650 |
|
0 |
|a Mathematics
|x Study and teaching
|x Computer-assisted instruction
|v Periodicals.
|
| 650 |
|
7 |
|a Mathematics
|x Study and teaching
|x Computer-assisted instruction.
|2 fast
|0 (OCoLC)fst01012242
|
| 655 |
|
0 |
|a Electronic journals.
|
| 776 |
0 |
8 |
|i Print version:
|t International journal for technology in mathematics education
|x 1744-2710
|
| 780 |
0 |
0 |
|t International journal of computer algebra in mathematics education (Online)
|w (DLC) 2005249076
|w (OCoLC)60596738
|
| 856 |
4 |
0 |
|z Full text available from Research Library: 01/01/2004 to present
|u https://search.proquest.com/publication/29124
|